The linear algebra problem solver / (Record no. 63847)
[ view plain ]
| 000 -LEADER | |
|---|---|
| fixed length control field | 00855cam a2200265 i 4500 |
| 001 - CONTROL NUMBER | |
| control field | 4647687 |
| 003 - CONTROL NUMBER IDENTIFIER | |
| control field | NUST - PNEC |
| 005 - DATE AND TIME OF LATEST TRANSACTION | |
| control field | 20170116180825.0 |
| 008 - FIXED-LENGTH DATA ELEMENTS--GENERAL INFORMATION | |
| fixed length control field | 800710s1980 nyua 001 0 eng |
| 010 ## - LIBRARY OF CONGRESS CONTROL NUMBER | |
| LC control number | 79092402 |
| 020 ## - INTERNATIONAL STANDARD BOOK NUMBER | |
| International Standard Book Number | 0878915184 |
| 040 ## - CATALOGING SOURCE | |
| Original cataloging agency | DLC |
| Transcribing agency | LIBRARY |
| Modifying agency | DLC |
| 050 00 - LIBRARY OF CONGRESS CALL NUMBER | |
| Classification number | QA184 |
| Item number | .R47 1980 |
| 082 00 - DEWEY DECIMAL CLASSIFICATION NUMBER | |
| Classification number | 512.5076 FOG |
| 100 ## - MAIN ENTRY--PERSONAL NAME | |
| 9 (RLIN) | 4296 |
| Personal name | Fogiel, M. |
| 110 2# - MAIN ENTRY--CORPORATE NAME | |
| Corporate name or jurisdiction name as entry element | Research and Education Association. |
| 245 14 - TITLE STATEMENT | |
| Title | The linear algebra problem solver / |
| Statement of responsibility, etc. | staff of Research and Education Association ; M. Fogiel, director. |
| 260 ## - PUBLICATION, DISTRIBUTION, ETC. | |
| Place of publication, distribution, etc. | New York, N.Y. : |
| Name of publisher, distributor, etc. | The Association, |
| Date of publication, distribution, etc. | c1980. |
| 300 ## - PHYSICAL DESCRIPTION | |
| Extent | xii, 1012 p. : |
| Other physical details | ill. ; |
| Dimensions | 26 cm. |
| 500 ## - GENERAL NOTE | |
| General note | Includes index. |
| 650 #0 - SUBJECT ADDED ENTRY--TOPICAL TERM | |
| Topical term or geographic name entry element | Algebras, Linear |
| General subdivision | Problems, exercises, etc. |
| -- | ME |
| 700 1# - ADDED ENTRY--PERSONAL NAME | |
| Personal name | Fogiel, M. |
| Fuller form of name | (Max) |
| 906 ## - LOCAL DATA ELEMENT F, LDF (RLIN) | |
| a | 7 |
| b | cbc |
| c | orignew |
| d | 2 |
| e | opcn |
| f | 19 |
| g | y-gencatlg |
| 942 ## - ADDED ENTRY ELEMENTS (KOHA) | |
| Source of classification or shelving scheme | |
| Koha item type | Book |
| Withdrawn status | Lost status | Source of classification or shelving scheme | Damaged status | Not for loan | Permanent Location | Current Location | Shelving location | Date acquired | Source of acquisition | Cost, normal purchase price | Total Checkouts | Full call number | Barcode | Date last seen | Date last checked out | Cost, replacement price | Price effective from | Koha item type |
|---|---|---|---|---|---|---|---|---|---|---|---|---|---|---|---|---|---|---|
| Pakistan Navy Engineering College (PNEC) | Pakistan Navy Engineering College (PNEC) | 07/01/2015 | Library /reference Grant | 307.80 | 1 | 512.5076 FOG | PNECLIB-013792 | 11/17/2016 | 10/31/2016 | 307.80 | 07/01/2015 | Book | ||||||
| Pakistan Navy Engineering College (PNEC) | Pakistan Navy Engineering College (PNEC) | 07/28/2015 | 512.5076 FOG | PNECLIB-013166 | 07/28/2015 | 07/28/2015 | Book |
